000
00308nam a2200145Ia 4500
100
_a
Gross/ Phil/ Roberts/Jason
942
_c
BK
654
_a
computer
245
_a
Director & demysified
260
_b
Pearson Edu
_c
2000
082
_a
4.65
_b
GRO/ROB
300
_a
1180
546
_a
ENGLISH
999
_c
31168
_d
31168